La Isla de los Santos (Record no. 188094)
[ view plain ]
| 000 -LEADER | |
|---|---|
| campo de control de longitud fija | 00818nam a2200217 i 4500 |
| 001 - NÚMERO DE CONTROL | |
| campo de control | 188094 |
| 003 - IDENTIFICADOR DE NÚMERO DE CONTROL | |
| campo de control | SpMaBN |
| 005 - FECHA Y HORA DE LA ÚLTIMA TRANSACCIÓN | |
| campo de control | 20230906223118.0 |
| 008 - DATOS DE LONGITUD FIJA--INFORMACIÓN GENERAL | |
| campo de control de longitud fija | 180427s1930 sp b |||| |dspa d |
| 080 ## - NÚMERO DE LA CLASIFICACIÓN DECIMAL UNIVERSAL | |
| Número de la Clasificación Decimal Universal | 929 Baeza, Ricardo |
| 080 ## - NÚMERO DE LA CLASIFICACIÓN DECIMAL UNIVERSAL | |
| Número de la Clasificación Decimal Universal | 94(415)"1910/21"(093.3) |
| 100 1# - ENTRADA PRINCIPAL--NOMBRE DE PERSONA | |
| Nombre de persona | Baeza, Ricardo, |
| Fechas asociadas al nombre | 1890-1956 |
| 9 (RLIN) | 24620 |
| 245 13 - MENCIÓN DEL TÍTULO | |
| Título | La Isla de los Santos |
| Resto del título | : (itinerario en Irlanda) / |
| Mención de responsabilidad, etc. | Ricardo Baeza. |
| 260 ## - PUBLICACIÓN, DISTRIBUCIÓN, ETC. | |
| Lugar de publicación, distribución, etc. | Madrid : |
| Nombre del editor, distribuidor, etc. | Compañía Ibero-Americana de Publicaciones : |
| -- | Renacimiento, |
| Fecha de publicación, distribución, etc. | [1930] |
| 300 ## - DESCRIPCIÓN FÍSICA | |
| Extensión | 309 p. [1] h. de mapa col. ; |
| Dimensiones | 19 cm. |
| 504 ## - NOTA DE BIBLIOGRAFÍA, ETC. | |
| Nota de bibliografía, etc. | Bibliografía: p. 293-[296] |
| 600 14 - PUNTO DE ACCESO ADICIONAL DE MATERIA--NOMBRE DE PERSONA | |
| Nombre de persona | Baeza, Ricardo, |
| Fechas asociadas al nombre | 1890-1956 |
| 9 (RLIN) | 24620 |
| 651 #4 - PUNTO DE ACCESO ADICIONAL DE MATERIA--NOMBRE GEOGRÁFICO | |
| Nombre geográfico | Irlanda- |
| Subdivisión geográfica | Historia- |
| Subdivisión cronológica | S.XX. |
| 9 (RLIN) | 8855 |
| 852 ## - LOCALIZACIÓN | |
| Ubicación | ES-MaACL |
| Número de control de estantería | L-31985 |
| Nota libre | . - Donat. herederos de la bibl. de Mª del Pilar Costa Palacín |
| Estatus retirado | Estado de pérdida | Estado de daño | No para préstamo | Biblioteca de origen | Biblioteca actual | Ubicación en estantería | Fecha de adquisición | Fuente de adquisición | Total de préstamos | Signatura topográfica completa | Código de barras | Visto por última vez | Precio de reemplazo | Tipo de ítem Koha |
|---|---|---|---|---|---|---|---|---|---|---|---|---|---|---|
| Biblioteca del Ateneo de Madrid | Biblioteca del Ateneo de Madrid | Depósito 2 | 27/04/2018 | L-31985 | 1198789 | 23/02/2023 | 23/02/2023 | Libro impreso |
